000 00213 a2200097 4500
001 45568
100 _aAllende, I
245 _aThe house of the spirits
260 _aLondon
_bBlack swan
_c
090 _c28730
_d28730
942 _aNUST-CAE
_cM
_c20814
999 _c280641
_d280641